01646nam a2200349 i 4500003000900000005001700009008004100026017001300067020001500080040004600095041000800141082002600149092000700175099004100182100005400223245013400277250003000411264006200441300003000503336002200533337002400555338003300579504006100612546009600673650007100769856005700840905000700897942001900904999001700923952017800940952017801118EG-GICUC20260121101532.0251222s1984 ua ||||fr|||| 00| 0 ara d a19832831 a9771000985 a EG-GICUCbarac EG-GICUCd EG-GICUCerda0 aara04221a345.6bس ل . ن04221 aLaw1 07 345.6 س ل . ن 5 ed - 19840 aسليمان محمد الطماوىeمؤلف.12aالنظرية العامة للقرارات الادارية :bدراسة مقارنة /cسليمان محمد الطماوى. aالطبعة الخمسة 1aالقاهرة :bدار الفكر العربي،c1984. a715 ؛ صفحةc24 سم. 2rda contentatext 2rda mediaaComputer 2rda carrieraOnline Resource aيحتوي على ارجاعات ببليوجرافية  aالنص أغلبه باللغة العربية مع بعض النصوص الفرنسية14aالقرارت الإداريةxالقانون الإداري40uhttps://fll.law.cu.edu.eg/fulltext/bks/B07-01739.pdf a75 2ddccBKe21n0 c52155d52155 00102ddc40718القانون الإداريaCUbLAW1d2025-12-22l0oLaw1 07 345.6 س ل . ن 5 ed - 1984 0701739 C1pB07-01739r2025-12-22 15:14:45t1w2025-12-22yBK 00102ddc40708القانون الإداريaCUbLAW1d2026-01-18l0oLaw1 07 345.6 س ل . ن 5 ed - 1984 0702102 C2pB07-02102r2026-01-18 19:06:00t2w2026-01-18yBK